000 00547nam a2200205 a 4500
001 13988
003 CO-ViMGA
008 141112s2004 ck r 000 u spa d
020 _a8487520413
040 _aCO-ViMGA
_bspa
_cCO-ViMGA
082 0 4 _a797.123b654
100 1 _aMolina C., Carlos
_920428
245 1 0 _aRemo de competicion
260 _aSevilla :
_bEditorial Deportiva,
_c1997
300 _a263
590 _aForma de adquisición : Compra
650 1 4 _aDEPORTES ACUATICOS
_920429
650 1 4 _aREMO (DEPORTES)
_920430
942 _2ddc
_cBK
999 _c24689
_d24689